[Event "Lille Luce op 6th"]
[Site "Lille"]
[Date "2015.??.??"]
[Round "9.38"]
[White "Bele, Charles"]
[Black "Lui, Eric"]
[Result "1-0"]
[WhiteElo "1666"]
[BlackElo "1947"]
[PlyCount "58"]
[EventDate "2015.05.04"]
[EventType "swiss"]
[EventRounds "9"]
[EventCountry "FRA"]
[SourceTitle "EXT 2017"]
[Source "ChessBase"]
[SourceDate "2016.10.25"]
[SourceVersion "1"]
[SourceVersionDate "2016.10.25"]
[SourceQuality "1"]

1. e4 c5 2. d4 cxd4 3. c3 dxc3 4. Nxc3 Nc6 5. Nf3 a6 6. Bc4 d6 7. 0-0 Nf6 8. e5 dxe5 9. Qxd8+ Nxd8 10. Nxe5 Be6 11. Be2 g6 12. Na4 Rc8 13. Nb6 Rc5 14. f4 Nd5 15. Na4 Rc7 16. Rd1 b5 17. Bf3 bxa4 18. Bxd5 Bg7 19. Be3 0-0 20. Bb6 Bxe5 21. fxe5 Rd7 22. Bf3 Nb7 23. Rxd7 Bxd7 24. Bxb7 Rb8 25. Bc5 Rxb7 26. Bxe7 Rxb2 27. Bf6 Kf8 28. e6 Rb7 29. exd7 Rxd7 1-0